Star Wars. Pokrevní linie /
Román ze světa Star Wars, jehož hlavní hrdinkou je Leia, dcera Dartha Vadera.
Uloženo v:
| Série: | Star wars - Nová republik,
část 2 |
|---|---|
| Hlavní autor: | |
| Další autoři: | |
| Médium: | E-kniha |
| Jazyk: | Czech |
| Vydáno: |
V Praze :
Egmont,
2021
|
| Vydání: | První vydání |
| Témata: | |
| Příbuzné jednotky: | Z cyklu::
Star wars - Nová republik |
| Tagy: |
Žádné tagy |
| LEADER | 02406nam a2200481 i 4500 | ||
|---|---|---|---|
| 001 | 311371 | ||
| 003 | CZ PrSKC | ||
| 005 | 20260601215704.0 | ||
| 007 | ta | ||
| 008 | 210723s2021 xr g 000 f cze | ||
| 015 | |a cnb003344912 | ||
| 020 | |a 9788025249192 |q (brožováno) : |c Kč 349,00 | ||
| 035 | |a (OCoLC)1274110003 | ||
| 040 | |a ABG001 |b cze |e rda | ||
| 041 | 1 | |a cze |h eng | |
| 072 | 7 | |a 821.111(73)-3 |x Americká próza |2 Konspekt | |
| 080 | |a 821.111(73)-31 |2 MRF | ||
| 080 | |a (0:82-311.9) |2 MRF | ||
| 100 | 1 | |a Gray, Claudia, |d 1970- |7 xx0118587 |4 aut | |
| 240 | 1 | 0 | |a Bloodline. |l Česky |
| 245 | 1 | 0 | |a Star Wars. |p Pokrevní linie / |c Claudia Gray ; z anglického originálu Star Wars - Bloodline ... přeložil Peter Kadlec |
| 246 | 3 | 0 | |a Pokrevní linie |
| 250 | |a První vydání | ||
| 264 | 1 | |a V Praze : |b Egmont, |c 2021 | |
| 300 | |a 322 stran ; |c 20 cm | ||
| 336 | |a text |b txt |2 rdacontent | ||
| 337 | |a bez média |b n |2 rdamedia | ||
| 338 | |a svazek |b nc |2 rdacarrier | ||
| 520 | 2 | |a Román ze světa Star Wars, jehož hlavní hrdinkou je Leia, dcera Dartha Vadera. |b Když Povstání porazilo Impérium u Endoru, Leia Organa věřila, že nastane trvalý mír. Ve své nové roli senátorky se však musí potýkat s nespočetnými hrozbami mladé demokracii - od podsvětních bossů a imperiálních loajalistů až po stranické bitvy. Senát nyní zoufale hledá silného politického vůdce, který uzdraví rozdělenou galaxii. Nakladatelská anotace. Kráceno. | |
| 521 | 8 | |a Pro čtenáře od 12 let | |
| 546 | |a Český text | ||
| 655 | 7 | |a americké romány |7 fd131796 |2 czenas | |
| 655 | 7 | |a vědecko-fantastické romány |7 fd133847 |2 czenas | |
| 655 | 9 | |a American fiction |2 eczenas | |
| 655 | 9 | |a science fiction novels |2 eczenas | |
| 700 | 1 | |a Kadlec, Peter |7 xx0106641 |4 trl | |
| 900 | |a ABA001 |b 21 | ||
| 928 | 9 | |a Albatros Media - Egmont | |
| 044 | |a xr | ||
| 787 | 0 | 8 | |g 2 |i Z cyklu: |t Star wars - Nová republik |
| 910 | |a RBIT002 | ||
| 998 | |d 332296 |a https://core.palmknihy.cz/api/books/332296/cover?si5gmu |b https://core.palmknihy.cz/api/books/332296/cover/400?si5gmu |c https://core.palmknihy.cz/api/books/332296/cover/50?si5gmu |e 2026-12-31 |g 328 |i 9788025249192 |j https://core.palmknihy.cz/api/books/332296/preview.epub |k https://core.palmknihy.cz/api/books/332296/preview.pdf |l |q 49 |r 1 |s https://www.palmknihy.cz/kniha/332296 |t ebook |y 2021 |z 0 |v Star wars - Nová republik |w 2 | ||
| 999 | |d 311369 | ||